000 01012nam a22002057a 4500
005 20170818145228.0
008 170818b2003 ne ||||| |||| 00| 0 spa d
040 _aCO-BoIAVH
_cCO-BoIAVH
041 _aeng
044 _ane
082 1 4 _a333.720492
_bS89s
111 1 _aStrategic round table on the role of protected areas and ecological networks in biodiversity policies (
_cThe Hague, Netherlands,
_d5 y 6 de junio, 2003)
245 1 0 _aStrategic round table on the role of protected areas and ecological networks in biodiversity policies:
_bMemorias del Congreso
260 _aThe Hague, Netherlands:
_bMinistry of Agriculture, Nature and Food Quality of the Netherlands;
_bMinistry of Foreign Affairs of the Netherlands,
_c2003.
300 _a83 páginas
_bpresentaciones ppt
505 _aDocumento de resúmenes
650 0 _aÁreas protegidas
_vcongresos, conferencias, etc.
_zHolanda
650 0 _aRedes ecológicas
_vcongresos, conferencias, etc.
_zHolanda
942 _2ddc
_cLIBRO
999 _c19753
_d19753